|
|
|
|
| LEADER |
00000nam a2200000 i 4500 |
| 001 |
115586 |
| 003 |
CZ ZlUTB |
| 005 |
20260505131030.0 |
| 007 |
ta |
| 008 |
260422s2025 xr abcee f 001 0 cze |
| 015 |
|
|
|a cnb003750705
|
| 020 |
|
|
|a 978-80-7465-676-7
|q (vázáno)
|
| 040 |
|
|
|a ABA001
|b cze
|e rda
|
| 041 |
0 |
|
|a cze
|b eng
|
| 043 |
|
|
|a e-xr---
|
| 072 |
|
7 |
|a 913(437)
|x Geografie Česka a Slovenska, reálie, cestování
|2 Konspekt
|9 7
|
| 080 |
|
|
|a 5
|2 MRF
|
| 080 |
|
|
|a 5:001.891
|2 MRF
|
| 080 |
|
|
|a 5-051
|2 MRF
|
| 080 |
|
|
|a 37.091.217:379.8
|2 MRF
|
| 080 |
|
|
|a 913(437.3)
|2 MRF
|
| 080 |
|
|
|a (437.3)
|2 MRF
|
| 080 |
|
|
|a (036)
|2 MRF
|
| 245 |
0 |
0 |
|a Stezkami přírodovědného poznání :
|b atlas exkurzí po pamětních místech vědy v českých zemích /
|c Tomáš Hermann, Michaela Nohejlová Zemková (ed.)
|
| 250 |
|
|
|a Vydání druhé
|
| 264 |
|
1 |
|a Červený Kostelec :
|b Pavel Mervart,
|c 2025
|
| 300 |
|
|
|a 339 stran :
|b ilustrace (převážně barevné), mapy, portréty, plány, faksimile ;
|c 27 cm
|
| 336 |
|
|
|a text
|b txt
|2 rdacontent
|
| 336 |
|
|
|a statický obraz
|b sti
|2 rdacontent
|
| 337 |
|
|
|a bez média
|b n
|2 rdamedia
|
| 338 |
|
|
|a svazek
|b nc
|2 rdacarrier
|
| 500 |
|
|
|a Vydáno ve spolupráci s Přírodovědeckou fakultou Univerzity Karlovy
|
| 500 |
|
|
|a Obsahuje QR kódy s odkazy na doprovodné audio nahrávky
|
| 504 |
|
|
|a Obsahuje bibliografie a rejstříky
|
| 546 |
|
|
|a Anglické resumé
|
| 650 |
0 |
7 |
|a přírodní vědy
|7 ph115999
|2 czenas
|
| 650 |
0 |
7 |
|a přírodovědný výzkum
|7 ph124943
|z Česko
|2 czenas
|
| 650 |
0 |
7 |
|a přírodovědci
|7 ph137317
|z Česko
|2 czenas
|
| 650 |
0 |
7 |
|a exkurze
|7 ph536671
|z Česko
|2 czenas
|
| 650 |
0 |
9 |
|a natural sciences
|2 eczenas
|
| 650 |
0 |
9 |
|a natural science research
|z Czechia
|2 eczenas
|
| 650 |
0 |
9 |
|a naturalists
|z Czechia
|2 eczenas
|
| 650 |
0 |
9 |
|a study excursions
|z Czechia
|2 eczenas
|
| 651 |
|
7 |
|a Česko
|7 ge128065
|x reálie
|2 czenas
|
| 651 |
|
9 |
|a Czechia
|x description and travel
|2 eczenas
|
| 655 |
|
7 |
|a průvodce
|7 fd133154
|2 czenas
|
| 655 |
|
9 |
|a guidebooks
|2 eczenas
|
| 700 |
1 |
|
|a Hermann, Tomáš,
|d 1974-
|7 mzk2003171518
|4 edt
|
| 700 |
1 |
|
|a Nohejlová Zemková, Michaela,
|d 1983-
|7 xx0206686
|4 edt
|
| 710 |
2 |
|
|a Nakladatelství Pavel Mervart
|7 kn20110210010
|4 pbl
|
| 710 |
2 |
|
|a Univerzita Karlova.
|b Přírodovědecká fakulta
|7 kn20010709364
|4 pbl
|
| 910 |
|
|
|a ZLD002
|
| 928 |
9 |
|
|a Přírodovědecká fakulta Univerzity Karlovy
|
| 928 |
9 |
|
|a Univerzita Karlova, Přírodovědecká fakulta
|
| 942 |
|
|
|2 udc
|
| 952 |
|
|
|0 0
|1 0
|4 0
|6 908STEZKAMI
|7 0
|8 BOOK
|9 191002
|a UTBZL
|b UTBZL
|c 005
|d 2026-05-05
|l 0
|o 908/STEZKAMI
|p 420010201838
|r 2026-05-05 13:13:15
|v 599.00
|w 2026-05-05
|x N:nákup
|y 01
|
| 992 |
|
|
|a BK
|b SKNEW
|
| 999 |
|
|
|c 115586
|d 115586
|